| Tag |
First Indicator |
Second Indicator |
Subfields |
| LEADER |
00000pam a2200000 i 4500 |
| 001 |
in00000023235 |
| 005 |
20151007064334.0 |
| 008 |
790821s1980 scu 00010 eng |
| 010 |
|
|
|a 79003064
|
| 020 |
|
|
|a 0826202888
|
| 035 |
|
|
|a (OCoLC)05353871
|
| 035 |
|
|
|9 AAD9613AM
|
| 040 |
|
|
|a DLC
|c DLC
|d TXA
|d UtOrBLW
|
| 049 |
|
|
|a TXAM
|c [1160545]
|
| 050 |
0 |
0 |
|a PS3566.E15
|b A8
|
| 082 |
0 |
|
|a 811/.5/4
|
| 100 |
1 |
|
|a Peacock, Molly,
|d 1947-
|
| 245 |
1 |
4 |
|a And live apart :
|b poems /
|c by Molly Peacock.
|
| 264 |
|
1 |
|a Columbia :
|b University of Missouri Press,
|c 1980.
|
| 300 |
|
|
|a 60 pages ;
|c 23 cm.
|
| 336 |
|
|
|a text
|b txt
|2 rdacontent
|
| 337 |
|
|
|a unmediated
|b n
|2 rdamedia
|
| 338 |
|
|
|a volume
|b nc
|2 rdacarrier
|
| 490 |
1 |
|
|a A Breakthrough book ;
|v no. 31
|
| 830 |
|
0 |
|a Breakthrough book ;
|v no. 31.
|
| 999 |
|
|
|a MARS
|
| 999 |
f |
f |
|s 45a117ca-586c-31fd-86ec-4ea46303c8d0
|i 9be6fa9e-b4bd-3046-9f9f-ccefe93dba81
|t 0
|
| 952 |
f |
f |
|p ric
|a Texas A&M University
|b Rellis Campus
|c Joint Library Facility
|d Remote Storage
|t 0
|e PS3566.E15 A8
|h Library of Congress classification
|i unmediated -- volume
|m A14804129633
|
| 998 |
f |
f |
|a PS3566.E15 A8
|t 0
|l Remote Storage
|